| 000 -CABECERA |
| Longitud fija campo de control |
00902nam a22002057a 4500 |
| 003 - IDENTIFICADOR DEL NÚMERO DE CONTROL |
| Identificador del número de control |
OSt |
| 005 - FECHA Y HORA DE LA ÚLTIMA TRANSACCIÓN |
| Fecha y hora de la última transacción |
20131213174201.0 |
| 008 - CÓDIGOS DE INFORMACIÓN DE LONGITUD FIJA |
| Códigos de información de longitud fija |
130522| ||||| |||| 00| 0 eng d |
| 040 ## - FUENTE DE LA CATALOGACIÓN |
| Centro transcriptor |
CDMR |
| 245 ## - MENCIÓN DE TÍTULO |
| Título |
European handbook for Journalists' Unions to counter racism in media |
| Mención de responsabilidad, etc. |
produced by the International Federation of Journalists [...], Working Group Migranten & Media of the Netherlands Association of Jornalists |
| 260 ## - PUBLICACIÓN, DISTRIBUCIÓN, ETC. (PIE DE IMPRENTA) |
| Lugar de publicación, distribución, etc. |
[Amsterdam] |
| Nombre del editor, distribuidor, etc. |
International Federation of Journalists |
| 260 ## - PUBLICACIÓN, DISTRIBUCIÓN, ETC. (PIE DE IMPRENTA) |
| Nombre del editor, distribuidor, etc. |
Migranten & Media Group of the Netherlands Association of Jornalists |
| Fecha de publicación, distribución, etc. |
[s.d.] |
| 300 ## - DESCRIPCIÓN FÍSICA |
| Extensión |
60 p. |
| 650 04 - PUNTO DE ACCESO ADICIONAL DE MATERIA - TÉRMINO DE MATERIA |
| 9 (RLIN) |
3195 |
| Término de materia o nombre geográfico como elemento inicial |
Drets humans |
| 650 04 - PUNTO DE ACCESO ADICIONAL DE MATERIA - TÉRMINO DE MATERIA |
| 9 (RLIN) |
3819 |
| Término de materia o nombre geográfico como elemento inicial |
Racisme en els mitjans de comunicació de massa |
| 650 04 - PUNTO DE ACCESO ADICIONAL DE MATERIA - TÉRMINO DE MATERIA |
| 9 (RLIN) |
2777 |
| Término de materia o nombre geográfico como elemento inicial |
Comunicació intercultural |
| 650 04 - PUNTO DE ACCESO ADICIONAL DE MATERIA - TÉRMINO DE MATERIA |
| 9 (RLIN) |
216 |
| Término de materia o nombre geográfico como elemento inicial |
Associacions de professionals i tècnics |
| Subdivisión de materia general |
Aspectes socials |
| 710 2# - PUNTO DE ACCESO ADICIONAL - NOMBRE DE ENTIDAD |
| 9 (RLIN) |
997 |
| Nombre de entidad o nombre de jurisdicción como elemento inicial |
International Federation of Journalists |
| 942 ## - ENTRADA DE ELEMENTOS AGREGADOS (KOHA) |
| Fuente de clasificaión o esquema |
|
| Koha [por defecto] tipo de item |
Monografies |